MDQL
is popping MORE tags! Check the
thread
!
Quizzes
Events
Quiz Creation
Community
Videos
Private Events
Remove Ads
Sign In
Join for FREE
Feedback
Dark Mode
Quiz Categories
Sports
Geography
Music
Movies
Television
Just For Fun
Miscellaneous
History
Literature
Language
Science
Gaming
Entertainment
Religion
Holiday
For Kids
Quiz Lab
Recent
Popular Today
Quiz Kudos Today
Editor Picks
Curator Picks
Quizzes by...
Day
Popularity
Type
Ratings
Length
Year
Community
Subscriptions
Recent Discussions
Orange Saloon
Badges
Playlists
Quests
Create
Leaderboards
Showdown
Live 5
Trivia Bingo
Activity
Puzzle Library
Sporcle Events
Private Events
Virtual Trivia
Globe League
Become a Host
Pub Owners
SporcleCon
Opinionation
Our Games
Videos
Blog
Mobile Apps
Partnerships
Remove Ads and Go Orange
Feedback
Music
Pop Music
The Beatles
Song
Album
Lyrics
Bands
Singers
Artist
Clip
Rock
Rap
Classical
Billboard
Country Music
Kpop
Taylor Swift
Music
Pop Music
The Beatles
Song
Album
Lyrics
Bands
Singers
Artist
Clip
Rock
Rap
Classical
Billboard
Country Music
Kpop
Taylor Swift
Random Quiz
Search Sporcle
×
Curator Pick
Curator Pick
Music
Kpop
Type answers based on single images at one time
Type answers based on single images at one time
Slideshow
Best Score? Go Orange.
Name The Produce 101 Season 2 Contestants Stats
Can you name the Name The Produce 101 Season 2 Contestants?
By
oohjade
20m
98 Questions
5,404 Plays
5,404 Plays
5,404 Plays
Comments
Comments
Give Quiz Kudos
Give Quiz Kudos
-
- Ratings
hide this ad
Replay
Link that replays current quiz
Next Quiz
Link to next quiz in quiz playlist
You Got
0%
They Got
Avg Score
41%
Avg Friend Score
Upgrade to see
Score Distribution
Jump to the score distribution portion of the page
Score
0/98
Timer
20:00
0
Plays Today
% Correct
Kim Jaehwan
86.8%
Arredondo Samuel
81.8%
Lee Daehwi
81%
Bae Jinyoung
77.8%
Park Woojin
77%
Kang Daniel
76.5%
Ong Sungwoo
75.9%
Choi Minki
74.7%
Kang Dongho
74.3%
Yoon Jisung
74.1%
Roh Taehyun
73.9%
Hwang Minhyun
73.9%
Lee Woojin
73.6%
Park Jihoon
73.4%
Lai Kuanlin
73.3%
Kim Jonghyun
73.2%
Ha Sengun
72.4%
Yoo Seonho
71.9%
Jang Moonbok
70.4%
Im Youngmin
70.3%
Justin
67%
Kwon Hyunbin
66.9%
Kim Sangbin
66.8%
Joo Haknyeon
65.8%
Jung Sewoon
64.5%
Takada Kenta
63.9%
Park Woodam
63.9%
Kim Donghyun
61.5%
Hong Eunki
58%
Zhu Zhengting
57.4%
Woo Jinyoung
56.4%
Lee Euiwoong
55.3%
Kim Dongbin
54.3%
% Correct
Ahn Hyungseob
52.8%
Kim Sangkyun
51.3%
Lee Insoo
50.9%
Jin Longguo
49.3%
Kim Donghan
49%
Ha Minho
48.8%
Kim Taedong
48.1%
Park Sungwoo
42.4%
Kim Taemin
40.5%
Lee Keonhee
40.5%
Lee Gwanghyun
39.9%
Yeo Hwanwoong
39.2%
Kwon Hyeop
38%
Byun Hyunmin
37.2%
Jeong Dongsoo
36%
Son Dongmyeong
35%
Yoon Yongbin
34.4%
Joo Jinwoo
33.8%
Kim Yongjin
33.4%
Yoon Heeseok
33.3%
Kim Seonglee
33%
Joo Wontak
32.9%
Seo Sunghyuk
32.7%
Yoo Hoeseung
30.8%
Kim Yehyun
30.5%
Lee Kiwon
28.8%
Kim Namhyung
28.7%
Kim Taewoo
28%
Han Minho
27.9%
Kim Chan
27.9%
Lee Gunmin
26.8%
Choi Taewoong
25.9%
Kim Jaehan
25.4%
% Correct
Lee Seokyu
24.4%
Jeong Sihyun
23.2%
Im Woohyuk
23.2%
Yoon Jaechan
23.1%
Choi Hadon
20.6%
Sung Hyunwoo
20.5%
Jung Joongji
20.2%
Park Heeseok
20%
Lee Youjin
19.9%
Choi Seunghyuk
19.8%
Jang Daehyun
19.6%
Choi Dongha
19.5%
Lee Hoorim
18.5%
Choi Jaewoo
18.3%
Yoo Jinwon
16.6%
Kim Chanyul
16.5%
Jo Yonggeun
16.5%
Cho Gyumin
16%
Lee Junwoo
15.6%
Wang Minhyuk
14.1%
Jeong Woncheol
12.5%
Choi Junyoung
12.3%
Jo Sungwook
11.9%
Kim Hyunwoo
11.7%
Cho Jinhyung
10.1%
Lee Jihan
10%
Kim Yeonguk
9.7%
Jung Hyojun
9.5%
Kim Dohyun
9.4%
Yoo Kyungmok
8.2%
Yoo Hoyeon
7.4%
Choi Heesoo
7.3%
Quiz Playlist
Details
Report
Send in Message
Add To Playlist
Slideshow:
Type answers based on single images at one time
Last Updated: Sep 10, 2017
Curator Pick in
Kpop
Quiz Scoreboard
CHALLENGE
Sign Up to Join the Scoreboard
Show All
Scores
Hide
Comments
May contain spoilers
Recently Published
Find the 'City' Movie
by crazypaving
Movies
60s
5x2 Blitz: Bands
by SL_Kpop136
Music
30s
Colored Red Africa Blitz
by spor1
Geography
30s
More to Explore
Quiz From the Vault
Featured Blog Post
14 Easter Pick-up Lines to Find Eggs With
hide this ad
You Might Also Like...
Tags
Kpop Quiz
Kpop Idol
Kpop Quiz
Today's Top Quizzes in Music
Browse Music
hide this ad
Today's Top Quizzes in Kpop
Browse Kpop
Top Contributed Quizzes in Music
1
5X2 Blitz: Bands II
2
5X2 Blitz: The Beatles
3
Taylor Swift All Songs (2024)
4
5X2 Blitz: Billboard
5
Taylor Swift Logic Puzzle II
6
5X2 Blitz: Billboard II
7
Taylor Swift Logic Puzzle
8
5X2 Blitz: Rock
9
5X2 Blitz: Singers
10
5X2 Blitz: Album
Explore More
Trending Topics
Disney
Anime
NBA
Kpop
Crossword
Harry Potter
Marvel
Country
Song
Soccer
Pokémon
The Office
Puzzle
NFL
WWE
hide this ad
More By:
oohjade
Quiz
Plays
Rating
Category
Featured
Created
Name members of SM boy groups (picture click)
5,427
4.67
Music
Jul 2, 2017
Name The Produce 101 Season 2 Contestants
5,404
4.57
Music
Apr 18, 2017
Name member of SM girl groups (picture click)
3,284
4.64
Music
Jul 2, 2017
A-Z of SM
3,000
4.60
Music
Jan 23, 2017
Guess The K-pop MV
1,837
4.50
Music
Sep 27, 2016
Go to Creator's Profile
Score Distribution
Quiz Creator Spotlight
oohjade
Follow
Send a Message
Quizzes Created
-
Created Quiz Play Count
-
More By This Creator
Popular Quizzes Today
1
Colored Red Africa Blitz
2
Find the 'City' Movie
3
Find the US States - No Outlines Minefield
4
5x2 Blitz: Bands
5
The Countries of the World
6
Find the US States
7
Find the Countries of Europe - No Outlines Minefield
8
US States
More Music Quizzes
Picture the Song VI
Published
Trending Quizzes
Colored Red Europe Blitz I
Colored Red Europe Blitz II
Colored Red Africa Blitz II
Colored Red Europe Blitz III
Colored Red Africa Blitz III
Recently Updated
How Do You Spell That?
pecheneg
Godzilla Movies
pecheneg
Grab Bag: 4-10 Letters
pecheneg
2024 March Madness Bracket
pecheneg
Famous TV Couples
Peacemaker
Champions League XIs: Real Madrid
pecheneg
Largest US Cities 1790-2010
pecheneg
Rides in Walt Disney World
pecheneg
Most Oscar Losses (Acting)
pecheneg
Beyoncé Albums
pecheneg
Trending Topics
Marvel
Harry Potter
Kpop
Crossword
Anime
NBA
Disney
NFL
Pokémon
Song
WWE
The Office
Soccer
Country
Puzzle
Your Account Isn't Verified!
In order to create a playlist on Sporcle, you need to verify the email address you used during registration. Go to your
Sporcle Settings
to finish the process.
Report this User
Report this user for behavior that violates our
Community Guidelines
.
Details:
Send Report
Go to the Sporcle.com Mobile Site →
Comments